| 000 | 00645nam a2200193 a 4500 | ||
|---|---|---|---|
| 001 | 000024908 | ||
| 005 | 20200930023437.0 | ||
| 008 | 110207s1973 ag r 001 0 spa d | ||
| 040 |
_aDO-SdBNP _bspa _cBNPHU |
||
| 082 |
_ann* _bnn* |
||
| 100 | 1 |
_aLitton, Gaston. _914830 |
|
| 245 | 1 | 3 |
_aBibliotecas infantiles / _cGaston Litton. |
| 260 |
_aBuenos Aires : _bBowker ; _bCentro Regional de Ayuda Técnica. Agencia para el Desarrollo Internacional, _c1973. |
||
| 300 |
_a225 p. ; _c18 cm. |
||
| 490 | 1 |
_aBreviarios del Bibliotecario. _v15 |
|
| 504 | _aBibliografĂa : [219] p. | ||
| 830 | 0 |
_aBreviarios del Bibliotecario. _v15 _951142 |
|
| 049 | _aBNGR | ||
| 999 |
_c24401 _d24401 |
||